banner-ar

دراسات فى تاريخ المنطق العربى / (Record no. 40544)

MARC details
000 -الفاتح
حقل البيانات ثابتة الطول 00771nam a2200253Ia 4500
008 - عناصر البيانات ثابتة الطول - معلومات عامة
حقل البيانات ثابتة الطول 140319s9999 xx 000 0 ara d
040 ## - مصدر الفهرسة
وكالة الفهرسة الأصلية GCL /
وكالة النسخ GCL
082 04 - رقم تصنيف ديوى العشرى
رقم التصنيف 160
رقم المادة ر د
100 1# - المدخل الرئيسى - إسم شخصى
الإسم الشخصى محمد مهران
245 10 - بيان العنوان
العنوان دراسات فى تاريخ المنطق العربى /
بيان المسئوليه,etc محمد مهران
700 1# - المدخل الاضافى - اسم شخصى
الإسم الشخصى اسماعيل عبدالعزيز
700 1# - المدخل الاضافى - اسم شخصى
الإسم الشخصى ريشر، نيقولا
300 ## - الوصف المادى
التعداد 299 ص
490 ## - بيان السلسلة
عنوان السلسلة
650 04 - المدخل الاضافى بالموضوع-مصطلح موضوعى
مصطلح موضوعي العلوم عند العرب
650 04 - المدخل الاضافى بالموضوع-مصطلح موضوعى
مصطلح موضوعي المنطق
650 04 - المدخل الاضافى بالموضوع-مصطلح موضوعى
مصطلح موضوعي الحضارة الاسلامية
650 04 - المدخل الاضافى بالموضوع-مصطلح موضوعى
مصطلح موضوعي العلماء العرب
650 04 - المدخل الاضافى بالموضوع-مصطلح موضوعى
مصطلح موضوعي الفارابى
650 04 - المدخل الاضافى بالموضوع-مصطلح موضوعى
مصطلح موضوعي ابن رشد، ابوالوليد محمد بن احمد
650 04 - المدخل الاضافى بالموضوع-مصطلح موضوعى
مصطلح موضوعي ابن سينا
942 ## - عناصر المدخل الإضافي( كوها)
مصدر التصنيف او مخطط الترفيف Dewey Decimal Classification
Koha [default] item type كتاب
Holdings
حالة التراجع حالة الفقد حالة تلف ليس للاعارة المكان المؤقت الموقع الحالى تاريخ الاكتساب اجمالي اﻻعارات رقم الطلب الباركود تاريخ اخر مشاهدة تاريخ تفعيل السعر نوع وعاء كوها
        مكتبة القاهرة الكبرى مكتبة القاهرة الكبرى 03/26/2014   160\ر د 98136 03/26/2014 03/26/2014 كتاب

Powered By

EGPV